CBRE and Jones Lang LaSalle continue to motor ahead of the rest (Record no. 84195)

MARC details
000 -LEADER
fixed length control field 00828cab a22001935a 4500
001 - CONTROL NUMBER
control field L156904
008 - FIXED-LENGTH DATA ELEMENTS--GENERAL INFORMATION
fixed length control field 120730e2012 xxk 000 0 eng d
035 ## - SYSTEM CONTROL NUMBER
System control number (Sirsi) u156904
041 0# - LANGUAGE CODE
Language code of text/sound track or separate title eng
110 2# - MAIN ENTRY--CORPORATE NAME
Corporate name or jurisdiction name as entry element Property Week
9 (RLIN) 1549
245 00 - TITLE STATEMENT
Title CBRE and Jones Lang LaSalle continue to motor ahead of the rest
260 ## - PUBLICATION, DISTRIBUTION, ETC.
Date of publication, distribution, etc. 2012
490 #0 - SERIES STATEMENT
Series statement Property Week
Volume/sequential designation 78(30) 27 July 2012, 42-43(2)
520 ## - SUMMARY, ETC.
Summary, etc. The first half 2012 PropertyData investment league tables show the top two firms, CBRE and Jones Lang LaSalle, transacting more than £8bn in H1 2012 with London accounting for 58% of activity. Tables cover the top 20 firms at H1 2012 and H1 2011 in all property, central London, offices, retail, and industrial categories.
590 ## - LOCAL NOTE (RLIN)
Local note KA
651 #4 - SUBJECT ADDED ENTRY--GEOGRAPHIC NAME
Geographic name United Kingdom
690 ## - LOCAL SUBJECT ADDED ENTRY--TOPICAL TERM (OCLC, RLIN)
Topical term or geographic name as entry element Commercial property
9 (RLIN) 6227
942 ## - ADDED ENTRY ELEMENTS (KOHA)
Suppress in OPAC 0
Holdings
Withdrawn status Lost status Source of classification or shelving scheme Damaged status Not for loan Home library Current library Shelving location Date acquired Total Checkouts Full call number Barcode Date last seen Copy number Price effective from Koha item type
    Dewey Decimal Classification     London London Journal article 30/07/2012   L156904 156904-1001 06/08/2019 1 06/08/2019 Journal article